Quiz wiedzy o niedźwiedziach - Statystyki

Ogólne statystyki
  • Ten quiz został rozwiązany 1 223 razy
    1 205 od ostatniego zresetowania
  • Średni wynik to 12 z 20
Statystyki odpowiedzi
Wskazówka Odpowiedź % Poprawnych
Jedyny kraj, w którym pandy wielkie żyją w dziczy Chiny
97%
Główny pokarm pand wielkich Bambus
96%
Ulubione jedzenie niedźwiedzi polarnych Foki
82%
Państwo o największej populacji niedźwiedzi Kanada
82%
Czynność, jaką podczas zimy wykonują niedźwiedzie Hibernacja
81%
Państwo, którego symbolem jest niedźwiedź Rosja
81%
Zwierzę, które pomimo nazwy, nie jest spokrewnione z pandą wielką Pandka Mała
70%
Pasmo górskie, gdzie można spotkać najwięcej niedźwiedzi w Polsce Bieszczady
68%
Gwiazdozbiór, którego łacińska nazwa to "Ursa Major", jego częścią jest Wielki Wóz Wielka Niedźwiedzica
68%
Stan USA o największej liczebności niedźwiedzi Alaska
64%
Ulubione jedzenie niedźwiedzi grizzly żyjących na wybrzeżu podczas lata Łososie
64%
Nazwa legowiska zimowego większości niedźwiedzi Gawra
57%
Najliczniejszy gatunek niedźwiedzi Niedźwiedź {Czarny}
55%
Część ciała niedźwiedzia polarnego o wysokiej toksyczności dla człowieka z powodu ogromnego stężenia witaminy A Wątroba
50%
Organizacja ochrony zwierząt, która posiada pandę wielką w swoim logo WWF
45%
Książka, w której pojawia się niedźwiedź o imieniu Baloo Księga Dżungli
43%
Prezydent USA, od którego imienia wzięło się określenie "Teddy Bear" Theodore Roosevelt
39%
Płyn ustrojowy niedźwiedzi, spożywany przez Chińczyków jako "lekarstwo" Żółć
17%
Jedyny gatunek niedźwiedzia spotykany w Ameryce Południowej Andoniedźwiedź okularowy
15%
"Leniwy" rodzaj niedźwiedzia, endemit półwyspu Indyjskiego, który żywi się głównie owadami Wargacz leniwy
13%
Nie znaleziono quizów pasujących do podanych kryteriów
Rozkład punktacji
Procent ludzi z każdym wynikiem
Percentyl według liczby udzielonych odpowiedzi
Twoja historia wyników
Nie rozwiązałeś tego quizu od ostatniego zresetowania